The world affairs companion : the essential one-volume guide to global issues /

Bibliographic Details
Main Author: Segal, Gerald
Format: Book
Published: London: Simon &Schuster, 1991.
Subjects:
LEADER 00571cam a2200205 7i4500
001 0000044226
005 20151104090000.0
005 ##20151104154400.0
002 ##000004472
003 ##MY-KlINT
008 151104 00010 eng
020 # # |a 0671710680  
039 # 9 |y 201511041544  |z VLOAD 
090 0 0 |a R 909.82 SEG  
100 1 # |a Segal, Gerald 
245 0 4 |a The world affairs companion :   |b the essential one-volume guide to global issues /   |c Gerald Segal.. 
260 # # |a London:   |b Simon &Schuster,   |c 1991. 
300 # # |a 310p. 
505 0 # |a Includes indexes. 
650 # 0 |a World history